00534pam a2200145 a 4500020000500000041000500005082001600010100001800026245008200044260006000126300001700186930000900203999001900212952015700231 c h a743.84bDOP aGingko Press. aSketch City Tips and Inspiration for Drawing on LocationhTextual Documents aAmerica :bGingo Press United States of America,c2015. a222:bpaper. a8298 c242088d242088 001040708Text BooksaFAPbFAPd2018-03-02eBhararti Sahakari Grahak Bhandarg2250.00l0o743.84 DOPpFAP-9221r2023-03-07 00:00:00t1w2023-03-07yBK